Bienvenue au Catalogue en Ligne des Bibliothèques de l'Universite du Burundi

Normal view MARC view

Entry Topical Term

Number of records used in: 1

001 - CONTROL NUMBER

  • control field: 65918

003 - CONTROL NUMBER IDENTIFIER

  • control field: BI-BuBU

005 - DATE AND TIME OF LATEST TRANSACTION

  • control field: 20130212161803.0

008 - FIXED-LENGTH DATA ELEMENTS

  • fixed length control field: 130212|||a|||||| | ||| d

040 ## - CATALOGING SOURCE

  • Original cataloging agency: BI-BuBU
  • Transcribing agency: BI-BuBU

150 ## - HEADING--TOPICAL TERM

  • Topical term or geographic name as entry element: Médecine vétérinaire traditionnelle.Plante utilisée.
  • : Burundi.

670 ## - SOURCE DATA FOUND

  • Source citation: Work cat.: (BI-BuBU): aut Ninganza,charles 65917, Contribution à l'étude des plantes utilisées dans la médecine vétérinaire traditionnelle au Burundi, 2010

670 ## - SOURCE DATA FOUND

  • Source citation: Work cat.: (BI-BuBU): aut Ninganza,charles 65917, Contribution à l'étude des plantes utilisées dans la médecine vétérinaire traditionnelle au Burundi, 2010
© 2019-2026 - Bibliothèques de l'Université du Burundi |Tous droits réservés
home | Pour toute information urgente Contactez nous | tel whatsupp: +25779204313